000 00874cam a2200277 a 4500
999 _c2166
_d2166
001 1866966
003 OSt
005 20230316150218.0
008 130618r20112010enka j 000 1 eng d
020 _a9780552559102 (pbk.) :
035 _aEL-BW-102-09
040 _aNDHU
_beng
_cT
_dKH8
042 _anbic
082 _a823.914 BRO
100 1 _aBrowne, Anthony,
_d1946-
_eauthor
245 1 0 _aMe and you /
_cAnthony Browne.
250 _aPicture Corgi ed.
260 _aLondon :
_bPicture Corgi,
_c2011.
300 _a1 v. (unpaged) :
_bcol. ill. ;
_c29 cm.
500 _a"A thought-provoking take on the Goldilocks story by Anthony Browne"--Cover.
500 _aOriginally published: London : Doubleday, 2010.
650 0 _aThree bears (Tale)
_vJuvenile fiction.
650 0 _aFolklore
_vJuvenile fiction.
650 0 _aBears
_vJuvenile fiction.
942 _2ddc
_cNFIC